| 000 | 00874cam a22002532 4500 | ||
|---|---|---|---|
| 001 | 0000004077 | ||
| 005 | 20151021151102.0 | ||
| 008 | 070518s xx 000 0 eng d | ||
| 020 |
_a8120311779 : _cKES 690 |
||
| 040 |
_aKABU _cKABU |
||
| 050 | 0 |
_aQA76.73 _b.C15L36 1996 |
|
| 100 | 1 |
_aLangsam, Yedidyah. _@0000154435 |
|
| 245 | 1 | 0 |
_aData structures using C and C++. / _cYedidyah Langsam, Moshe j. Augenstein, Waron M. Tenenbaum. |
| 250 | _a2nd ed. | ||
| 260 |
_aNew Delhi : _bPrentice-Hill of India, _cc1996. |
||
| 300 |
_axvi, 672 p. ; _c24 cm. |
||
| 650 | 0 |
_aC (Computer program language) _@0000154432 |
|
| 650 | 0 |
_aC++ (Computer Programe Language) _@0000154436 |
|
| 700 | 1 |
_aAugenstein, Moshe J. _@0000154437 |
|
| 700 | 1 |
_aTenenbaum, Aaron M. _@0000154438 |
|
| 908 | _a070518 | ||
| 950 | _@1 | ||
| 999 |
_c513 _d513 |
||